<?xml version="1.0" encoding="UTF-8"?>
<record
    xmlns:xsi="http://www.w3.org/2001/XMLSchema-instance"
    xsi:schemaLocation="http://www.loc.gov/MARC21/slim http://www.loc.gov/standards/marcxml/schema/MARC21slim.xsd"
    xmlns="http://www.loc.gov/MARC21/slim">

  <leader>02965nam a22003017a 4500</leader>
  <controlfield tag="005">20250618092720.0</controlfield>
  <controlfield tag="008">240702b           ||||| |||| 00| 0 eng d</controlfield>
  <datafield tag="020" ind1=" " ind2=" ">
    <subfield code="a">9788193328491</subfield>
  </datafield>
  <datafield tag="040" ind1=" " ind2=" ">
    <subfield code="c">AL</subfield>
  </datafield>
  <datafield tag="041" ind1=" " ind2=" ">
    <subfield code="a">English</subfield>
  </datafield>
  <datafield tag="082" ind1=" " ind2=" ">
    <subfield code="a">510.2462</subfield>
    <subfield code="b">GREH</subfield>
  </datafield>
  <datafield tag="100" ind1=" " ind2=" ">
    <subfield code="a">B S Grewal and others</subfield>
    <subfield code="9">215297</subfield>
  </datafield>
  <datafield tag="245" ind1=" " ind2=" ">
    <subfield code="a">Higher engineering mathematics</subfield>
  </datafield>
  <datafield tag="250" ind1=" " ind2=" ">
    <subfield code="a">44</subfield>
  </datafield>
  <datafield tag="260" ind1=" " ind2=" ">
    <subfield code="a">New Delhi</subfield>
    <subfield code="b">Khanna Publishers</subfield>
    <subfield code="c">2023</subfield>
  </datafield>
  <datafield tag="300" ind1=" " ind2=" ">
    <subfield code="a">x,1238p.</subfield>
    <subfield code="b">PB</subfield>
    <subfield code="c">28x22cm.</subfield>
  </datafield>
  <datafield tag="365" ind1=" " ind2=" ">
    <subfield code="2">Mathematics</subfield>
    <subfield code="a">528</subfield>
    <subfield code="b">934.00</subfield>
    <subfield code="c">&#x20B9;</subfield>
    <subfield code="d">1099.00</subfield>
    <subfield code="e">20%</subfield>
    <subfield code="f">30-4-2024</subfield>
  </datafield>
  <datafield tag="520" ind1=" " ind2=" ">
    <subfield code="a">The book in its new format has run through 44th edition along with its twelve heavy reprints in just two years. An appreciably heavy demand of the book has encouraged the authors to retain the same format and features which have made it so popular. Even then the text has been carefully revised making some additions and alterations.The numbers of solved examples have been increased and problems from the latest university question papers have been incorporated. The objective type of questions have also been updated and given at the end of each chapter. It is hoped that the book in its revised form will enjoy the ever increasing popularity. </subfield>
  </datafield>
  <datafield tag="521" ind1=" " ind2=" ">
    <subfield code="a">TABLE OF CONTENTS: UNIT I: ALGEBRA, VECTORS AND GEOMETRY * Solution of Equations * Linear Algebra: Determinants, Matrices * Vector Algebra &amp; Solid Geometry UNIT II: CALCULUS * Differential Calculus and Its Applications * Partial Differentiation and Its Applications * Integral Calculus and Its Applications * Multiple Integrals and Beta, Gamma functions * Vector Calculus and Its Applications UNIT III: SERIES * Infinite Series * Fourier series UNIT IV: DIFFERENTIAL EQUATIONS * Differential Equations of First Order * Applications of Differential Equations of First Order * Linear Differential Equations * Applications of Linear Differential Equations * Differential Equations of Other Types * Series Solution of Differential Equations and Special Functions * Partial Differential Equations * Applications of Partial Differential Equations UNIT V: COMPLEX ANALYSIS * Complex Numbers and Functions * Calculus of Complex Functions UNIT VI : TRANSFORMS * Laplace Transforms * Fourier Transforms * Z-Transforms UNIT VII : NUMERICAL TECHNIQUES * Empirical Laws and Curve-fitting * Statistical Methods * Probability and Distributions * Sampling &amp; Inference * Numerical Solution of Equations * Finite Difference and Interpolation * Numerical Differentiation and Integration * Difference Equations * Numerical Solution of Ordinary Differential Equations * Numerical Solution of Partial Differential Equations UNIT VIII: SPECIAL TOPICS* Linear Programming * Calculus of Variations</subfield>
  </datafield>
  <datafield tag="650" ind1=" " ind2=" ">
    <subfield code="a">Algebra</subfield>
    <subfield code="9">172194</subfield>
  </datafield>
  <datafield tag="650" ind1=" " ind2=" ">
    <subfield code="a">Complex Analysis</subfield>
    <subfield code="9">172195</subfield>
  </datafield>
  <datafield tag="650" ind1=" " ind2=" ">
    <subfield code="a">Numerical Techniques</subfield>
    <subfield code="9">172196</subfield>
  </datafield>
  <datafield tag="650" ind1=" " ind2=" ">
    <subfield code="a">Differential Equations</subfield>
    <subfield code="9">172197</subfield>
  </datafield>
  <datafield tag="700" ind1=" " ind2=" ">
    <subfield code="a">GREWAL ,B S</subfield>
    <subfield code="9">172198</subfield>
  </datafield>
  <datafield tag="700" ind1=" " ind2=" ">
    <subfield code="a">GREWAL ,J S</subfield>
    <subfield code="9">172199</subfield>
  </datafield>
  <datafield tag="700" ind1=" " ind2=" ">
    <subfield code="a">DHANOA ,J K</subfield>
    <subfield code="9">172200</subfield>
  </datafield>
  <datafield tag="942" ind1=" " ind2=" ">
    <subfield code="2">ddc</subfield>
    <subfield code="c">BK</subfield>
  </datafield>
  <datafield tag="999" ind1=" " ind2=" ">
    <subfield code="c">231351</subfield>
    <subfield code="d">231351</subfield>
  </datafield>
  <datafield tag="952" ind1=" " ind2=" ">
    <subfield code="0">0</subfield>
    <subfield code="1">0</subfield>
    <subfield code="2">ddc</subfield>
    <subfield code="4">0</subfield>
    <subfield code="7">0</subfield>
    <subfield code="8">MAT</subfield>
    <subfield code="a">AL</subfield>
    <subfield code="b">AL</subfield>
    <subfield code="d">2024-05-14</subfield>
    <subfield code="e">Biblios Book Point Surathkal Mangalore 575014</subfield>
    <subfield code="g">934.00</subfield>
    <subfield code="l">2</subfield>
    <subfield code="o">510.2462 GREH</subfield>
    <subfield code="p">077180</subfield>
    <subfield code="r">2025-11-03 09:16:45</subfield>
    <subfield code="s">2025-10-30</subfield>
    <subfield code="v">1099.00</subfield>
    <subfield code="w">2024-07-02</subfield>
    <subfield code="y">BK</subfield>
  </datafield>
  <datafield tag="952" ind1=" " ind2=" ">
    <subfield code="0">0</subfield>
    <subfield code="1">0</subfield>
    <subfield code="2">ddc</subfield>
    <subfield code="4">0</subfield>
    <subfield code="7">0</subfield>
    <subfield code="8">MAT</subfield>
    <subfield code="a">AL</subfield>
    <subfield code="b">AL</subfield>
    <subfield code="d">2024-05-14</subfield>
    <subfield code="e">Biblios Book Point Surathkal Mangalore 575014</subfield>
    <subfield code="g">934.00</subfield>
    <subfield code="l">0</subfield>
    <subfield code="o">510.2462 GREH</subfield>
    <subfield code="p">077181</subfield>
    <subfield code="r">2024-07-02 00:00:00</subfield>
    <subfield code="v">1099.00</subfield>
    <subfield code="w">2024-07-02</subfield>
    <subfield code="y">BK</subfield>
  </datafield>
</record>
